LEADER 00983cas--2200349---450- 001 990001038610203316 005 20110404132148.0 035 $a0103861 035 $aUSA010103861 035 $a(ALEPH)000103861USA01 035 $a0103861 100 $a20020318d--------km-y0itay0103----ba 101 $aita 102 $aIT 110 $aa---------- 200 1 $aLegislazione fascista 210 $aRoma 215 $av. 606 0 $aFascismo$xPeriodici 676 $a945.0915 801 0$aIT$bsalbc$gISBD 912 $a990001038610203316 958 $aGIU$cA.I(1922)-A.XVII(1939) ; A. XX(1941)-A.XXII(1943) 959 $aSE 979 $aPATTY$b90$c20020318$lUSA01$h1245 979 $c20020403$lUSA01$h1744 979 $aPATRY$b90$c20040406$lUSA01$h1712 979 $aVITTORIANA$b90$c20110404$lUSA01$h1321 979 $aVITTORIANA$b90$c20110404$lUSA01$h1321 979 $aVITTORIANA$b90$c20110404$lUSA01$h1321 996 $aLegislazione fascista$9977045 997 $aUNISA LEADER 01690nam0 22003733i 450 001 VAN0245932 005 20220916083600.974 017 70$2N$a9783030852818 100 $a20220513d2021 |0itac50 ba 101 $aeng 102 $aCH 105 $a|||| ||||| 200 1 $aBiophysical and Computational Tools in Drug Discovery$feditor Anil Kumar Saxena 210 $aCham$cSpringer$d2021 215 $aVIII, 402 p.$cill.$d24 cm 410 1$1001VAN0123522$12001 $aTopics in Medicinal Chemistry$1210 $aCham$cSpringer$v37 620 $aCH$dCham$3VANL001889 676 $a540$cChimica generale$v22 676 $a541$cChimica fisica$v22 676 $a664$cTecnologia alimentare. Chimica degli alimenti$v22 676 $a641.3$cAlimenti$v22 702 1$aSaxena$bAnil K.$3VANV096916 712 $aSpringer $3VANV108073$4650 790 1$aSaxena, Anil Kumar$zSaxena, Anil K.$3VANV100153 790 1$aSaxena, A. K.$zSaxena, Anil K.$3VANV103738 790 1$aSaxena, A.K.$zSaxena, Anil K.$3VANV204547 801 $aIT$bSOL$c20240614$gRICA 856 4 $uhttps://link.springer.com/book/10.1007/978-3-030-85281-8$zE-book - Accesso al full-text attraverso riconoscimento IP di Ateneo, proxy e/o Shibboleth 899 $aBIBLIOTECA DEL DIPARTIMENTO DI SCIENZE E TECNOLOGIE AMBIENTALI BIOLOGICHE E FARMACEUTICHE$1IT-CE0101$2VAN17 912 $fN 912 $aVAN0245932 950 $aBIBLIOTECA DEL DIPARTIMENTO DI SCIENZE E TECNOLOGIE AMBIENTALI BIOLOGICHE E FARMACEUTICHE$d17CONS e-book 2222 $e17BIB2222/289 289 20220513 996 $aBiophysical and Computational Tools in Drug Discovery$92025207 997 $aUNICAMPANIA